000 00309nam a22001337a 4500
008 170712b xxu||||| |||| 00| 0 eng d
020 _a051744769X
041 _aeng
080 _a030
100 _a26
101 _aENC
245 _aAN ILLUSTRATED ENCYCLOPEDIA OF MYTHOLOGY
_cCAVENDISH, R
942 _2udc
_cBK
999 _c20252
_d20252